Statistics for X-Men Quizzes 18: Bishop

Click here to take the quiz!

General Stats

  • This quiz has been taken 12 times
  • The average score is 5 of 8

Answer Stats

HintAnswer% Correct
Bishop constantly travels through what?Time
100%
What can he absorb and redirect?Energy
91%
What is his real name?Lucas Bishop
73%
Who is his sister?Shard / Shard Bishop
64%
What kind of Australian is he?Aboriginal
45%
Who portrayed him in 2014?Omar Sy
36%
Who was his mentor in the X-Men?Storm / Ororo Munroe
36%
Who voiced him in X-Men ‘97?Isaac Robinson-Smith
9%

Score Distribution

Percentile by Number Answered

Percent of People with Each Score

Your Score History

You have not taken this quiz